000 01574ctm a22002891aa4500
003 SA-RiAUC
005 20251214132939.0
007 co ug ---uuauu         
008 251210s1992 su fsbm 00000 ara c
040 _aSA-JeALM
_bara
_cSA-RiAUC
_erda
082 0 4 _a251.2
_qSA-RiAUC
090 _aر 251.2
_bا د ر
100 1 _aالإدريسي، أحمد فرحان ديوان
245 1 2 _aالقواعد الأصولية المتعلقة بباب الحكم والمباحث والسنة والتطبيق عليها من كتاب فتح الباري لابن حجر العسقلاني /
_c أحمد فرحان ديوان الإدريسي ؛ إشراف حسين بن خلف الجبوري.
_h[ملف كمبيوتر] /
260 _c1992
264 _aمكة المكرمة :
_bجامعة أم القرى
_c1993
300 _a2 مجلد.
_c30 سم.
500 _aإهداء من المؤلف حسين بن خلف الجبوري.
500 _aأطروحة (دكتوراه)-جامعة أم القرى، كلية الشريعة، قسم الفقه وأصوله، 1992.
502 _aأطروحة (دكتوراه)-جامعة أم القرى، كلية الشريعة، قسم الفقه وأصوله، 1992.
650 7 _aالأصولية الإسلامية
_2aucsh
700 1 2 _aابن حجر العسقلاني، أحمد بن علي بن محمد،
_d773-852 هجري
700 _aالجبوري, حسين بن خلف.
_eإشراف
740 0 2 _aفتح الباري.
942 _2ddc
_cTHESES
_n0
949 _aSA-JeALM
_d251210
_umohamedma123
_n1
999 _c13515
_d13515